| 000 | 00586nam a22002297a 4500 | ||
|---|---|---|---|
| 001 | 381 | ||
| 003 | FISKH | ||
| 005 | 20230330160114.0 | ||
| 008 | 230330b cb ||||| |||| 00| 0 eng d | ||
| 040 |
_aFISKH _beng _cFISKH _dFISKH |
||
| 050 | _aPZ7.R4829 | ||
| 082 | _a813.54 | ||
| 100 |
_aRiordan, Rick _d1964- |
||
| 245 |
_aPercy Jackson and the sea of monsters : _cRick Riordan |
||
| 260 |
_aLondon : _bPuffin. _c2007. |
||
| 300 |
_a264 pages. _c20 cm. |
||
| 490 |
_aPercy Jackson _vv. 2 |
||
| 520 | _aM | ||
| 521 | 8 |
_a680
_bLexile |
|
| 521 | 8 |
_aM
_bRaz-Plus |
|
| 942 |
_2ddc _cBK _n0 |
||
| 999 |
_c381 _d381 |
||